000 00578nam a22001937a 4500
003 LC
005 20170227155850.0
008 130626t xxu||||| |||| 00| 0 eng d
020 _a9717890099
050 _aBJ 1857
_b.H285 1999
082 _aFIL 395
_bH25 1999
100 _aHartley, Fred
245 _aThe Teenage book of manners... please! /
_cFred Hartley and family ; Illustrated by Al Hartley
260 _aValenzuela City, Phil :
_bChristian Literature Crusade,
_cc1999.
300 _a223 p.
_bill. ;
_c23 cm.
562 _e1
942 _2lcc
_cBK
999 _c3189
_d3189